[Event "6th North Sea Cup"]
[Site "Esbjerg DEN"]
[Date "1981.07.??"]
[Round "1"]
[White "Csom, Istvan"]
[Black "Iskov, Gert"]
[Result "1/2-1/2"]
[WhiteElo "2500"]
[BlackElo "2420"]
[EventDate "1981.07.??"]
[PlyCount "71"]

1.e4 c5 2.Nf3 e6 3.d3 Nc6 4.Nbd2 g6 5.g3 Bg7 6.Bg2 Nge7 7.O-O O-O 8.Re1 d6
9.a3 a6 10.Rb1 b5 11.b4 cxb4 12.axb4 Bb7 13.Bb2 Bxb2 14.Rxb2 Qb6 15.Nb1 
Ne5 16.c3 Nxf3+ 17.Bxf3 e5 18.Rd2 Nc6 19.Bg2 a5 20.bxa5 Qxa5 21.Rb2 b4 22.
cxb4 Nxb4 23.Re3 Bc6 24.d4 Ba4 25.Qd2 Nc6 26.d5 Nd4 27.Qxa5 Rxa5 28.Ra3 
Rb5 29.Rxb5 Bxb5 30.Bf1 Rc8 31.Rc3 Rxc3 32.Nxc3 Nf3+ 33.Kg2 Ne1+ 34.Kg1 
Nf3+ 35.Kg2 Ne1+ 36.Kg1 1/2-1/2

[Event "6th North Sea Cup"]
[Site "Esbjerg DEN"]
[Date "1981.07.??"]
[Round "1"]
[White "Fries-Nielsen, Niels Joergen"]
[Black "Keene, Raymond Dennis"]
[Result "1/2-1/2"]
[WhiteElo "2345"]
[BlackElo "2475"]
[EventDate "1981.07.??"]
[PlyCount "24"]

1.b3 d5 2.e3 Nf6 3.Bb2 e6 4.Nf3 b6 5.c4 Bb7 6.Nc3 Bd6 7.d4 Nbd7 8.Bd3 O-O 
9.O-O a6 10.Qc2 c5 11.cxd5 exd5 12.e4 dxe4 1/2-1/2

[Event "6th North Sea Cup"]
[Site "Esbjerg DEN"]
[Date "1981.07.??"]
[Round "1"]
[White "Hoei, Carsten"]
[Black "Nicholson, John"]
[Result "1/2-1/2"]
[WhiteElo "2415"]
[BlackElo "2335"]
[EventDate "1981.07.??"]
[PlyCount "80"]

1.Nf3 Nf6 2.d4 e6 3.c4 b6 4.e3 Bb7 5.Bd3 c5 6.O-O Be7 7.b3 O-O 8.Bb2 d6 9.
Nc3 a6 10.d5 exd5 11.cxd5 b5 12.e4 Nbd7 13.a4 b4 14.Nb1 a5 15.Nbd2 Ng4 16.
Nc4 Bf6 17.Qc2 Bxb2 18.Qxb2 Ba6 19.Rad1 Qc7 20.Rfe1 f6 21.Qe2 Bc8 22.Nfd2 
Nge5 23.f4 Nxd3 24.Qxd3 Ba6 25.Qg3 Rae8 26.h3 Bxc4 27.Nxc4 Nb6 28.Qd3 Kh8 
29.Rc1 Nxc4 30.Qxc4 h6 31.e5 fxe5 32.fxe5 dxe5 33.Qxc5 Qd8 34.d6 e4 35.
Rcd1 Qh4 36.Qe3 Rf7 37.Rd4 Rd7 38.Rc1 Qd8 39.Rc6 Qf6 40.Rxe4 Rxe4 1/2-1/2

[Event "6th North Sea Cup"]
[Site "Esbjerg DEN"]
[Date "1981.07.??"]
[Round "1"]
[White "Jakobsen, Ole"]
[Black "Karlsson, Lars"]
[Result "0-1"]
[WhiteElo "2410"]
[BlackElo "2460"]
[EventDate "1981.07.??"]
[PlyCount "138"]

1.d4 Nf6 2.c4 e6 3.Nf3 c5 4.e3 b6 5.Nc3 cxd4 6.exd4 Bb4 7.Bd3 Bb7 8.a3 Be7
9.O-O h6 10.Bc2 Qc8 11.Qd3 Ba6 12.b3 d5 13.Ne5 Nc6 14.Rd1 Qc7 15.Bb2 Bd6 
16.Nxc6 Qxc6 17.Qf3 O-O 18.cxd5 exd5 19.Rac1 Bc8 20.h3 Be6 21.Bd3 Qb7 22.
Re1 Rae8 23.Re2 Bb8 24.Rce1 Rc8 25.Bf5 Bxf5 26.Qxf5 a6 27.Re7 Qc6 28.g3 
Bd6 29.R7e3 b5 30.Rc1 Qb7 31.Qd3 Rfe8 32.Rxe8+ Rxe8 33.Rc2 h5 34.Kg2 h4 
35.Re2 hxg3 36.Rxe8+ Nxe8 37.fxg3 Nf6 38.Bc1 Ne4 39.Nxe4 dxe4 40.Qe3 Qc6 
41.h4 Qc2+ 42.Kh3 Qd1 43.Kg2 Qc2+ 44.Kh3 a5 45.h5 Qc8+ 46.Kg2 Qg4 47.a4 b4
48.Bd2 f5 49.h6 gxh6 50.Qxh6 Qxg3+ 51.Kf1 Qf3+ 52.Kg1 Qg4+ 53.Kf1 Bf8 54.
Qe6+ Kh7 55.d5 Qd1+ 56.Be1 Qd3+ 57.Kg2 Qf3+ 58.Kh2 Qe2+ 59.Kh3 Qh5+ 60.Kg2
Qg6+ 61.Qxg6+ Kxg6 62.Bg3 Kf6 63.Bc7 Bc5 64.Kg3 Ke7 65.Bxa5 Kd6 66.Kf4 
Kxd5 67.Kxf5 e3 68.Bd8 e2 69.Bh4 Bd4 0-1

[Event "6th North Sea Cup"]
[Site "Esbjerg DEN"]
[Date "1981.07.??"]
[Round "1"]
[White "Jansa, Vlastimil"]
[Black "Mortensen, Erling"]
[Result "1/2-1/2"]
[WhiteElo "2465"]
[BlackElo "2395"]
[EventDate "1981.07.??"]
[PlyCount "61"]

1.e4 c5 2.Nf3 d6 3.c3 Nf6 4.Bd3 Nc6 5.Bc2 Bg4 6.d3 e6 7.Nbd2 Be7 8.h3 Bh5 
9.Nf1 h6 10.g4 Bg6 11.Ng3 d5 12.Qe2 Qc7 13.Ba4 Rd8 14.Bxc6+ bxc6 15.e5 Nd7
16.Nh5 c4 17.dxc4 Nc5 18.Nxg7+ Kf8 19.Nh5 dxc4 20.Nf4 Nd3+ 21.Nxd3 Bxd3 
22.Qe3 Qb7 23.Rg1 c5 24.Qf4 Qd5 25.Be3 Rb8 26.O-O-O Qb7 27.Rd2 Be4 28.Rg3 
a5 29.g5 hxg5 30.Nxg5 Bf5 31.Qxc4 1/2-1/2

[Event "6th North Sea Cup"]
[Site "Esbjerg DEN"]
[Date "1981.07.??"]
[Round "1"]
[White "Mestel, Andrew Jonathan"]
[Black "Farago, Ivan"]
[Result "1/2-1/2"]
[WhiteElo "2475"]
[BlackElo "2515"]
[EventDate "1981.07.??"]
[PlyCount "24"]

1.e4 e6 2.d3 d5 3.Nd2 Nf6 4.Ngf3 Nc6 5.c3 a5 6.Qc2 e5 7.Be2 Bc5 8.Nxe5 
Nxe5 9.d4 dxe4 10.dxe5 e3 11.exf6 exd2+ 12.Bxd2 Qxf6 1/2-1/2

[Event "6th North Sea Cup"]
[Site "Esbjerg DEN"]
[Date "1981.07.??"]
[Round "2"]
[White "Farago, Ivan"]
[Black "Iskov, Gert"]
[Result "0-1"]
[WhiteElo "2515"]
[BlackElo "2420"]
[EventDate "1981.07.??"]
[PlyCount "58"]

1.d4 d5 2.c4 c6 3.Nc3 e6 4.e3 Nf6 5.Nf3 Nbd7 6.Bd3 dxc4 7.Bxc4 b5 8.Bd3 a6
9.e4 c5 10.d5 c4 11.dxe6 cxd3 12.exd7+ Qxd7 13.O-O Bb7 14.Bg5 Be7 15.e5 
Ne4 16.Bxe7 Nxc3 17.bxc3 Qxe7 18.Qxd3 O-O 19.Rfe1 Rac8 20.Nd4 Qa3 21.Re3 
Rfd8 22.Qd2 Qc5 23.a3 Qd5 24.f4 Rc4 25.Qf2 Qc5 26.Qg3 Rdxd4 27.cxd4 Qxd4 
28.Qe1 Rc2 29.Rd1 Rxg2+ 0-1

[Event "6th North Sea Cup"]
[Site "Esbjerg DEN"]
[Date "1981.07.??"]
[Round "2"]
[White "Karlsson, Lars"]
[Black "Fries-Nielsen, Niels Joergen"]
[Result "1-0"]
[WhiteElo "2460"]
[BlackElo "2345"]
[EventDate "1981.07.??"]
[PlyCount "80"]

1.Nf3 e6 2.e4 c5 3.d4 cxd4 4.Nxd4 Nf6 5.Bd3 Nc6 6.Be3 e5 7.Nxc6 dxc6 8.h3 
Be7 9.Nd2 Be6 10.Qf3 O-O 11.O-O Nd7 12.Bc4 Bxc4 13.Nxc4 b5 14.Rfd1 Qc7 15.
Bh6 Rfd8 16.Qg4 Bf8 17.Ne3 Nf6 18.Qh4 Ne8 19.Qg4 Kh8 20.Bg5 f6 21.Bh4 Bc5 
22.Qe2 Nd6 23.Ng4 Qf7 24.Rd3 g5 25.Bg3 h5 26.Nh6 Qg6 27.Nf5 Nxf5 28.exf5 
Qxf5 29.Rf3 Qh7 30.Rxf6 e4 31.Be5 Kg8 32.Rxc6 Rac8 33.Rxc8 Rxc8 34.Rd1 Qf5
35.Bd4 Rd8 36.Qxb5 a6 37.Qb3+ Kh7 38.Qb7+ Rd7 39.Qc8 Bf8 40.Rd2 Bg7 1-0

[Event "6th North Sea Cup"]
[Site "Esbjerg DEN"]
[Date "1981.07.??"]
[Round "2"]
[White "Keene, Raymond Dennis"]
[Black "Jansa, Vlastimil"]
[Result "1/2-1/2"]
[WhiteElo "2475"]
[BlackElo "2465"]
[EventDate "1981.07.??"]
[PlyCount "67"]

1.d4 Nf6 2.c4 g6 3.Nc3 d5 4.cxd5 Nxd5 5.e4 Nxc3 6.bxc3 Bg7 7.Nf3 c5 8.Be3 
Qa5 9.Qd2 Nc6 10.Rc1 cxd4 11.cxd4 Qxd2+ 12.Kxd2 O-O 13.d5 Rd8 14.Ke1 Nb4 
15.Bd2 Na6 16.Bb5 e6 17.Bxa6 bxa6 18.Ba5 Rd6 19.Bc7 Rd7 20.dxe6 fxe6 21.
Bf4 a5 22.Ne5 Rd4 23.f3 g5 24.Bg3 Ba6 25.Nc6 Ra4 26.Nb8 Bc4 27.h4 g4 28.h5
Rxa2 29.Rxc4 Ra1+ 30.Ke2 Rxh1 31.Rc8+ Kf7 32.Rc7+ Kg8 33.Rc8+ Kf7 34.Rc7+ 
1/2-1/2

[Event "6th North Sea Cup"]
[Site "Esbjerg DEN"]
[Date "1981.07.??"]
[Round "2"]
[White "Mestel, Andrew Jonathan"]
[Black "Hoei, Carsten"]
[Result "1-0"]
[WhiteElo "2475"]
[BlackElo "2415"]
[EventDate "1981.07.??"]
[PlyCount "83"]

1.e4 e6 2.d3 d5 3.Nd2 Nf6 4.Ngf3 b6 5.g3 Bb7 6.Bg2 c5 7.O-O Nc6 8.Re1 Be7 
9.Qe2 Qc7 10.c3 O-O-O 11.a3 h6 12.b4 c4 13.exd5 cxd3 14.Qxd3 Nxd5 15.Qc2 
Bf6 16.Bb2 Kb8 17.Ne4 Ne5 18.Nxe5 Bxe5 19.c4 Bxb2 20.Qxb2 Ne7 21.Qxg7 Nf5 
22.Qf6 h5 23.Rad1 Rhg8 24.Rxd8+ Rxd8 25.Ng5 Bxg2 26.Kxg2 h4 27.Qe5 Qxe5 
28.Rxe5 Rd7 29.Re4 Kc7 30.g4 Nd6 31.Rf4 e5 32.Rf6 Nxc4 33.Nxf7 Rd3 34.Rh6 
Rxa3 35.g5 Kd7 36.Rxh4 b5 37.Rh7 Ke6 38.h4 e4 39.g6 Kf6 40.Nh8 Ra2 41.Rf7+
Ke5 42.g7 1-0

[Event "6th North Sea Cup"]
[Site "Esbjerg DEN"]
[Date "1981.07.??"]
[Round "2"]
[White "Mortensen, Erling"]
[Black "Csom, Istvan"]
[Result "1-0"]
[WhiteElo "2395"]
[BlackElo "2500"]
[EventDate "1981.07.??"]
[PlyCount "65"]

1.e4 c5 2.Nf3 d6 3.d4 cxd4 4.Nxd4 Nf6 5.Nc3 Nc6 6.Bc4 Qb6 7.Nb3 e6 8.O-O 
a6 9.a4 Qc7 10.f4 Be7 11.a5 Nb4 12.Be2 Bd7 13.Be3 Rc8 14.Bf3 O-O 15.Rf2 
Bc6 16.Bb6 Qb8 17.Qd4 d5 18.e5 Nd7 19.Ba7 Qa8 20.Qe3 Bb5 21.Nxb5 axb5 22.
c3 Nc6 23.Bd4 Qb8 24.Re1 Rfe8 25.f5 exf5 26.e6 Nf6 27.exf7+ Kxf7 28.Bxd5+ 
Kg6 29.Qe6 Bd6 30.Qxf5+ Kh6 31.Re3 Bxh2+ 32.Kh1 Nh5 33.g4 1-0

[Event "6th North Sea Cup"]
[Site "Esbjerg DEN"]
[Date "1981.07.??"]
[Round "2"]
[White "Nicholson, John"]
[Black "Jakobsen, Ole"]
[Result "0-1"]
[WhiteElo "2335"]
[BlackElo "2410"]
[EventDate "1981.07.??"]
[PlyCount "94"]

1.e4 c5 2.Nf3 e6 3.d4 cxd4 4.Nxd4 a6 5.Bd3 Nf6 6.O-O d6 7.c4 Be7 8.Nc3 O-O
9.b3 b6 10.Bb2 Bb7 11.Qe2 Nc6 12.Nxc6 Bxc6 13.Kh1 Nd7 14.f4 Bf6 15.Rad1 
Qc7 16.Bb1 Rfd8 17.Qc2 g6 18.Nd5 Bxd5 19.exd5 e5 20.Qf2 Rf8 21.f5 g5 22.
Bc1 Kh8 23.Be3 Rg8 24.Rc1 Rae8 25.b4 e4 26.Bd4 Re7 27.Bxf6+ Nxf6 28.Qd4 
Kg7 29.Rc3 Re5 30.Bc2 Rc8 31.Bb3 Rxd5 32.Qe3 h6 33.h4 g4 34.Qf4 Re5 35.Rg3
Kh7 36.Rxg4 Nxg4 37.Qxg4 Rg8 38.Qf4 f6 39.c5 Rg7 40.cxd6 Qxd6 41.Rd1 Qxb4 
42.Be6 Qb2 43.Rd2 Qc1+ 44.Kh2 Rc5 45.Bg8+ Kxg8 46.Qxh6 Rd5 47.Qh5 Qxd2 0-1

[Event "6th North Sea Cup"]
[Site "Esbjerg DEN"]
[Date "1981.07.??"]
[Round "3"]
[White "Fries-Nielsen, Niels Joergen"]
[Black "Nicholson, John"]
[Result "0-1"]
[WhiteElo "2345"]
[BlackElo "2335"]
[EventDate "1981.07.??"]
[PlyCount "46"]

1.Nc3 c5 2.e4 e6 3.f4 d5 4.exd5 exd5 5.Bb5+ Nc6 6.Qe2+ Be7 7.Nf3 Nf6 8.Ne5
Qc7 9.g4 O-O 10.g5 Nd4 11.Qd1 Ne4 12.Bd3 Bxg5 13.O-O Bxf4 14.Ng4 Bxh2+ 15.
Nxh2 Qg3+ 16.Kh1 Nf2+ 17.Rxf2 Qxf2 18.Nxd5 Re8 19.Ne3 Bd7 20.Qg1 Bc6+ 21.
Ng2 Qh4 22.b4 Re1 23.Bf1 Nf5 0-1

[Event "6th North Sea Cup"]
[Site "Esbjerg DEN"]
[Date "1981.07.??"]
[Round "3"]
[White "Hoei, Carsten"]
[Black "Farago, Ivan"]
[Result "1-0"]
[WhiteElo "2415"]
[BlackElo "2515"]
[EventDate "1981.07.??"]
[PlyCount "159"]

1.d4 Nf6 2.c4 e6 3.Nc3 Bb4 4.e3 O-O 5.Bd3 d5 6.a3 Bxc3+ 7.bxc3 dxc4 8.Bxc4
c5 9.Ne2 Nc6 10.O-O e5 11.Bb2 Qd6 12.f3 Be6 13.Bxe6 fxe6 14.Qb3 Na5 15.Qb5
b6 16.e4 Rac8 17.dxe5 Qxe5 18.Rad1 Qc7 19.Bc1 Rcd8 20.Bg5 Qc6 21.a4 Qxb5 
22.axb5 h6 23.Bxf6 gxf6 24.Kf2 Nc4 25.Nf4 Kf7 26.Ra1 Rd2+ 27.Ke1 Rd7 28.
Rf2 Rc8 29.Rfa2 Na5 30.Kf2 Rcc7 31.h4 c4 32.Ne2 e5 33.h5 Nb3 34.Rh1 Rc5 
35.Ng3 Kg7 36.Nf5+ Kh7 37.Ne3 Rxb5 38.Nxc4 Rc5 39.Ne3 Rxc3 40.Nd5 Rc6 41.
Ra3 Na5 42.Rc3 Kg7 43.Rhc1 Rxc3 44.Rxc3 Rb7 45.Ne3 a6 46.Rd3 b5 47.Ra3 Nc4
48.Nxc4 bxc4 49.Rxa6 Rb2+ 50.Kg3 c3 51.Rc6 c2 52.Rc7+ Kf8 53.Kg4 c1=Q 54.
Rxc1 Rxg2+ 55.Kf5 Ke7 56.Rc7+ Kd6 57.Ra7 Rg5+ 58.Kxf6 Rxh5 59.Ra5 Rh3 60.
Rd5+ Kc6 61.Rd3 Rh5 62.Ke6 Rg5 63.Rc3+ Kb7 64.Kf6 Kb6 65.Ke6 Kb7 66.Rc5 
Rg3 67.Rxe5 Rxf3 68.Rh5 Ra3 69.e5 Kc8 70.Ke7 Ra7+ 71.Kf6 Kd7 72.e6+ Kd6 
73.Rh1 Ra2 74.Rd1+ Kc7 75.e7 Rf2+ 76.Kg7 Re2 77.Kf7 Rf2+ 78.Ke8 Rh2 79.
Rc1+ Kb6 80.Rf1 1-0

[Event "6th North Sea Cup"]
[Site "Esbjerg DEN"]
[Date "1981.07.??"]
[Round "3"]
[White "Iskov, Gert"]
[Black "Mortensen, Erling"]
[Result "1-0"]
[WhiteElo "2420"]
[BlackElo "2395"]
[EventDate "1981.07.??"]
[PlyCount "65"]

1.Nf3 Nf6 2.d4 g6 3.g3 Bg7 4.Bg2 O-O 5.O-O d5 6.c4 Nc6 7.cxd5 Nxd5 8.e4 
Nb6 9.d5 Na5 10.Nc3 c6 11.Bg5 h6 12.Bf4 cxd5 13.Nxd5 Nxd5 14.exd5 Nc4 15.
Qc1 Nb6 16.Bxh6 Nxd5 17.Rd1 e6 18.Bxg7 Kxg7 19.Ne5 Rh8 20.Ng4 Rh5 21.Ne3 
Qa5 22.Bf3 Nxe3 23.Qxe3 Rc5 24.Rd4 Qc7 25.Rad1 e5 26.Rd6 a5 27.Qg5 Be6 28.
Rxe6 fxe6 29.Be4 Kf8 30.Rd3 Qe7 31.Rf3+ Ke8 32.Qxg6+ Kd8 33.Qg8+ 1-0

[Event "6th North Sea Cup"]
[Site "Esbjerg DEN"]
[Date "1981.07.??"]
[Round "3"]
[White "Jakobsen, Ole"]
[Black "Mestel, Andrew Jonathan"]
[Result "1-0"]
[WhiteElo "2410"]
[BlackElo "2475"]
[EventDate "1981.07.??"]
[PlyCount "81"]

1.d4 Nf6 2.c4 c5 3.d5 e5 4.Nc3 d6 5.e4 g6 6.Bd3 Nh5 7.g3 Be7 8.h4 Nd7 9.
Nf3 a6 10.Nh2 Ng7 11.Bh6 O-O 12.Nf1 Nf6 13.Ne3 Kh8 14.Qc2 Ng8 15.Bxg7+ 
Kxg7 16.O-O-O Bf6 17.f3 Bd7 18.Qh2 h6 19.Rdg1 Rb8 20.Bf1 b5 21.Bh3 Be8 22.
Kb1 Qa5 23.Rc1 Qb4 24.Ncd1 Qa5 25.h5 Qc7 26.Ng4 Bd8 27.Nge3 Kh7 28.Nf2 Bf6
29.Nd3 Qe7 30.Qd2 Bg7 31.Rce1 Nf6 32.hxg6+ fxg6 33.Be6 Nh5 34.Qg2 Nf4 35.
gxf4 exf4 36.Ng4 bxc4 37.Rxh6+ Bxh6 38.Rh1 Kg7 39.Rxh6 Bf7 40.Nxf4 Qg5 41.
Qd2 1-0

[Event "6th North Sea Cup"]
[Site "Esbjerg DEN"]
[Date "1981.07.??"]
[Round "3"]
[White "Jansa, Vlastimil"]
[Black "Karlsson, Lars"]
[Result "0-1"]
[WhiteElo "2465"]
[BlackElo "2460"]
[EventDate "1981.07.??"]
[PlyCount "78"]

1.e4 e6 2.d4 d5 3.Nd2 dxe4 4.Nxe4 Bd7 5.Nf3 Bc6 6.Bd3 Nd7 7.Qe2 Bxe4 8.
Bxe4 c6 9.Bd2 Ngf6 10.Bd3 Qb6 11.O-O Be7 12.c4 O-O 13.b4 Rfe8 14.Rfe1 Bf8 
15.Rab1 Qc7 16.g3 g6 17.Bf4 Bd6 18.Be5 a5 19.b5 c5 20.b6 Qb8 21.Ng5 h6 22.
Bxf6 Nxf6 23.Ne4 Nxe4 24.Qxe4 cxd4 25.Qxd4 Qd8 26.Red1 Qe7 27.Be4 Red8 28.
Qe3 Kh7 29.Qf3 Rab8 30.Rb5 f5 31.Bc2 Rbc8 32.Qe2 Bc5 33.Rxa5 Rxd1+ 34.Bxd1
e5 35.Rb5 e4 36.Rb3 Rd8 37.a4 Qg5 38.Qf1 f4 39.Kh1 f3 0-1

[Event "6th North Sea Cup"]
[Site "Esbjerg DEN"]
[Date "1981.07.??"]
[Round "4"]
[White "Farago, Ivan"]
[Black "Mortensen, Erling"]
[Result "1/2-1/2"]
[WhiteElo "2515"]
[BlackElo "2395"]
[EventDate "1981.07.??"]
[PlyCount "39"]

1.d4 Nf6 2.c4 e6 3.Nc3 Bb4 4.Nf3 d5 5.Bg5 h6 6.Bxf6 Qxf6 7.e3 O-O 8.Bd3 
dxc4 9.Bxc4 c5 10.O-O cxd4 11.exd4 Nc6 12.Bb5 Rd8 13.Bxc6 bxc6 14.Qa4 Qe7 
15.Ne5 Bb7 16.Nxc6 Bxc6 17.Qxc6 Rac8 18.Qa6 Bxc3 19.Rac1 Qb4 20.bxc3 
1/2-1/2

[Event "6th North Sea Cup"]
[Site "Esbjerg DEN"]
[Date "1981.07.??"]
[Round "4"]
[White "Hoei, Carsten"]
[Black "Jakobsen, Ole"]
[Result "1/2-1/2"]
[WhiteElo "2415"]
[BlackElo "2410"]
[EventDate "1981.07.??"]
[PlyCount "83"]

1.Nf3 Nf6 2.d4 e6 3.e3 b6 4.Bd3 Bb7 5.O-O Be7 6.c4 O-O 7.Nc3 d5 8.Qe2 Ne4 
9.Qc2 f5 10.Ne5 Nd7 11.Nxd7 Qxd7 12.f3 Nxc3 13.bxc3 c5 14.Bb2 Rac8 15.Qe2 
Bd6 16.Rac1 Qc7 17.g3 Ba6 18.cxd5 Bxd3 19.Qxd3 c4 20.Qc2 exd5 21.e4 fxe4 
22.fxe4 dxe4 23.Qxe4 Rce8 24.Qd5+ Kh8 25.Rxf8+ Rxf8 26.Rf1 Rxf1+ 27.Kxf1 
g6 28.Kg2 Kg7 29.Bc1 Qe7 30.Kf3 Qf7+ 31.Qxf7+ Kxf7 32.Ke4 Ke6 33.a4 a6 34.
Be3 b5 35.axb5 axb5 36.Bd2 h5 37.Bf4 Ba3 38.d5+ Kd7 39.Kd4 Be7 40.Be5 Bf8 
41.h3 Ba3 42.g4 1/2-1/2

[Event "6th North Sea Cup"]
[Site "Esbjerg DEN"]
[Date "1981.07.??"]
[Round "4"]
[White "Karlsson, Lars"]
[Black "Csom, Istvan"]
[Result "1/2-1/2"]
[WhiteElo "2460"]
[BlackElo "2500"]
[EventDate "1981.07.??"]
[PlyCount "35"]

1.c4 e6 2.g3 d5 3.Bg2 Nf6 4.Nf3 Be7 5.O-O O-O 6.d4 dxc4 7.Qa4 Bd7 8.Qxc4 
Bc6 9.Nc3 Nbd7 10.Qd3 Bb4 11.Rd1 h6 12.Bf4 a6 13.Rac1 Rc8 14.Nb1 Qe7 15.a3
Bd6 16.Nc3 Bxf4 17.gxf4 Rfd8 18.Qc2 1/2-1/2

[Event "6th North Sea Cup"]
[Site "Esbjerg DEN"]
[Date "1981.07.??"]
[Round "4"]
[White "Keene, Raymond Dennis"]
[Black "Iskov, Gert"]
[Result "1-0"]
[WhiteElo "2475"]
[BlackElo "2420"]
[EventDate "1981.07.??"]
[PlyCount "73"]

1.c4 Nf6 2.d4 e6 3.Nc3 Bb4 4.e3 c5 5.Bd3 Nc6 6.Nf3 Bxc3+ 7.bxc3 d6 8.e4 e5
9.h3 h6 10.O-O O-O 11.Be3 b6 12.d5 Ne7 13.Nh4 g5 14.Nf3 Ng6 15.h4 Ng4 16.
hxg5 Nxe3 17.fxe3 hxg5 18.Nh2 Kg7 19.Be2 g4 20.Bxg4 Qg5 21.Qf3 Nh4 22.Qe2 
f5 23.exf5 Nxf5 24.Rf3 Rh8 25.Qf2 Rxh2 26.Bxf5 Bxf5 27.Kxh2 Rh8+ 28.Kg1 
Qh5 29.Rg3+ Bg6 30.Rh3 Qg5 31.Rxh8 Kxh8 32.Rf1 Kh7 33.Qf3 a5 34.Qh3+ Kg7 
35.Qd7+ Kg8 36.Rf3 Qh4 37.Qxd6 1-0

[Event "6th North Sea Cup"]
[Site "Esbjerg DEN"]
[Date "1981.07.??"]
[Round "4"]
[White "Mestel, Andrew Jonathan"]
[Black "Fries-Nielsen, Niels Joergen"]
[Result "1-0"]
[WhiteElo "2475"]
[BlackElo "2345"]
[EventDate "1981.07.??"]
[PlyCount "123"]

1.e4 d5 2.exd5 Qxd5 3.Nc3 Qa5 4.Bc4 Nf6 5.d4 c6 6.Nf3 Bf5 7.O-O e6 8.Re1 
Nbd7 9.Bb3 O-O-O 10.Bf4 Bg4 11.Qd3 h6 12.h3 Qf5 13.Qxf5 Bxf5 14.Nd1 g5 15.
Bh2 Rg8 16.Ne3 Bh7 17.Ng4 Nxg4 18.hxg4 h5 19.gxh5 g4 20.Ne5 Nxe5 21.Bxe5 
Bg7 22.c3 Bf5 23.Kh2 Bxe5+ 24.Rxe5 Rg5 25.Kg3 Rxh5 26.Bc2 f6 27.Ra5 b6 28.
Bxf5 bxa5 29.Bxe6+ Kc7 30.Bxg4 Rg5 31.f4 Rg7 32.Kf3 Rdg8 33.Bh3 a4 34.Ke4 
Rg3 35.Kf5 Rb8 36.c4 Rxb2 37.Kxf6 Rd2 38.f5 Rxd4 39.c5 Rc4 40.Ke6 Re3+ 41.
Kf7 Rxc5 42.f6 Rg5 43.Rd1 Re2 44.a3 Rg3 45.Kf8 Rxa3 46.Rd4 Ra1 47.Rf4 a3 
48.f7 a2 49.Kg8 Rae1 50.Ra4 Rf1 51.g3 Rf6 52.f8=Q Rxf8+ 53.Kxf8 Kb6 54.Kf7
Re3 55.Rxa2 Rxg3 56.Be6 Rg5 57.Ke7 Rb5 58.Kd7 a5 59.Kd6 Rb4 60.Rd2 Rh4 61.
Bf5 Rf4 62.Rb2+ 1-0

[Event "6th North Sea Cup"]
[Site "Esbjerg DEN"]
[Date "1981.07.??"]
[Round "4"]
[White "Nicholson, John"]
[Black "Jansa, Vlastimil"]
[Result "1/2-1/2"]
[WhiteElo "2335"]
[BlackElo "2465"]
[EventDate "1981.07.??"]
[PlyCount "45"]

1.e4 c5 2.Nf3 d6 3.d4 cxd4 4.Nxd4 Nf6 5.Nc3 e6 6.Be2 Be7 7.O-O O-O 8.f4 a6
9.Kh1 Qc7 10.Qe1 b5 11.Bf3 Bb7 12.e5 Ne8 13.a3 Nd7 14.Qg3 Nb6 15.Ne4 Kh8 
16.Bd2 Nc4 17.exd6 Ncxd6 18.Ng5 Bxf3 19.Qxf3 Qb7 20.Qh3 Nf6 21.Rae1 h6 22.
f5 e5 23.Rxe5 1/2-1/2

[Event "6th North Sea Cup"]
[Site "Esbjerg DEN"]
[Date "1981.07.??"]
[Round "5"]
[White "Csom, Istvan"]
[Black "Nicholson, John"]
[Result "1-0"]
[WhiteElo "2500"]
[BlackElo "2335"]
[EventDate "1981.07.??"]
[PlyCount "105"]

1.Nf3 Nf6 2.c4 e6 3.b3 c5 4.Bb2 Be7 5.g3 b6 6.Bg2 Bb7 7.O-O O-O 8.Nc3 d6 
9.e3 Nbd7 10.Qe2 a6 11.Rfd1 Ra7 12.d3 Qa8 13.e4 Ne5 14.Ne1 Nc6 15.Nc2 Nd7 
16.Qd2 Rd8 17.Ne3 Nd4 18.Ne2 Nxe2+ 19.Qxe2 Bf6 20.Bxf6 Nxf6 21.f4 Bc6 22.
Rd2 b5 23.Rad1 b4 24.e5 dxe5 25.fxe5 Bxg2 26.Nxg2 Ne8 27.d4 cxd4 28.Rxd4 
Rxd4 29.Rxd4 Qc6 30.Qe3 Rd7 31.Kf2 f6 32.Ne1 fxe5 33.Qxe5 Rf7+ 34.Kg1 h6 
35.Qe4 Qb6 36.Nd3 Nf6 37.c5 Qc7 38.Qxe6 Kh7 39.Qf5+ g6 40.Qe6 Kg7 41.Rd6 
a5 42.Qe5 Qc8 43.c6 Qg4 44.Nf2 Qf3 45.Re6 Kh7 46.Re7 Nd5 47.Rxf7+ Qxf7 48.
Ne4 Qa7+ 49.Kf1 Ne3+ 50.Ke2 Ng4 51.Qc5 Qg7 52.c7 Qb2+ 53.Nd2 1-0

[Event "6th North Sea Cup"]
[Site "Esbjerg DEN"]
[Date "1981.07.??"]
[Round "5"]
[White "Fries-Nielsen, Niels Joergen"]
[Black "Hoei, Carsten"]
[Result "0-1"]
[WhiteElo "2345"]
[BlackElo "2415"]
[EventDate "1981.07.??"]
[PlyCount "150"]

1.Nf3 Nf6 2.e3 g6 3.b4 Bg7 4.Bb2 O-O 5.c4 d6 6.Nc3 e5 7.d3 Nbd7 8.Qb3 Re8 
9.Be2 b6 10.O-O Bb7 11.Nd2 c6 12.Bf3 Qe7 13.a4 a5 14.Ba3 axb4 15.Bxb4 Ra7 
16.Ba3 h5 17.h3 Nh7 18.Nde4 c5 19.Nb5 Bxe4 20.Bxe4 Ra5 21.Bb2 Ndf6 22.Bc3 
Ra6 23.Bf3 Ng5 24.Be2 Qd7 25.h4 Ne6 26.Qb2 Ng4 27.Bf3 Qe7 28.g3 g5 29.hxg5
Nxg5 30.Bg2 Kh7 31.Qe2 f5 32.f3 Nh6 33.Rfe1 Ne6 34.f4 h4 35.Qh5 hxg3 36.
Bd5 Rc8 37.Qh1 Ra5 38.Bxa5 bxa5 39.Ra2 Bf6 40.Rg2 Rg8 41.Nc7 Rg4 42.Nxe6 
Rh4 43.Qxh4 Bxh4 44.Rb2 Qe8 45.Rb7+ Kg6 46.Rg7+ Kf6 47.Rh7 Kg6 48.Rg7+ Kf6
49.fxe5+ dxe5 50.Rh7 Bg5 51.Nxc5 Kg6 52.Ra7 Qb8 53.Rb7 Qh8 54.Rb6+ Bf6 55.
Bg2 Ng4 56.Nd7 Kg5 57.Nxf6 Nxf6 58.c5 Ng4 59.c6 Qd8 60.Rbb1 f4 61.Rbc1 
Nxe3 62.c7 Qd4 63.Re2 Nxg2+ 64.Kh1 f3 65.Rxe5+ Qxe5 66.c8=Q Nf4 67.Qd8+ 
Kg4 68.Qd7+ Qf5 69.Qg7+ Qg5 70.Qd7+ Qf5 71.Qg7+ Qg5 72.Qd7+ Kh4 73.Qh7+ 
Qh5 74.Qg7 f2 75.Qxg3+ Kxg3# 0-1

[Event "6th North Sea Cup"]
[Site "Esbjerg DEN"]
[Date "1981.07.??"]
[Round "5"]
[White "Iskov, Gert"]
[Black "Karlsson, Lars"]
[Result "0-1"]
[WhiteElo "2420"]
[BlackElo "2460"]
[EventDate "1981.07.??"]
[PlyCount "82"]

1.d4 Nf6 2.c4 e6 3.Nf3 c5 4.d5 exd5 5.cxd5 d6 6.Nc3 g6 7.g3 Bg7 8.Bg2 O-O 
9.O-O Re8 10.Re1 a6 11.a4 Ne4 12.Nxe4 Rxe4 13.Bg5 Qc7 14.Nd2 Rb4 15.Ne4 
Nd7 16.Be7 Rxe4 17.Bxe4 f6 18.Bg2 Ne5 19.f4 Ng4 20.Bxd6 Qxd6 21.e4 Qb6 22.
a5 Qa7 23.Qb3 c4+ 24.Qb6 Qxb6+ 25.axb6 Bf8 26.h3 Bc5+ 27.Kh1 Nf2+ 28.Kh2 
Nd3 29.Re2 Bd7 30.e5 fxe5 31.fxe5 Re8 32.e6 Bb5 33.Rc2 Bd6 34.Bf1 Rf8 35.
Kg2 Rf5 36.Bxd3 cxd3 37.Rc8+ Rf8 38.Rc7 Bxc7 39.bxc7 Bc4 40.d6 Bd5+ 41.Kh2
Bxe6 0-1

[Event "6th North Sea Cup"]
[Site "Esbjerg DEN"]
[Date "1981.07.??"]
[Round "5"]
[White "Jakobsen, Ole"]
[Black "Farago, Ivan"]
[Result "1/2-1/2"]
[WhiteElo "2410"]
[BlackElo "2515"]
[EventDate "1981.07.??"]
[PlyCount "91"]

1.d4 Nf6 2.c4 e6 3.Nf3 b6 4.Bg5 Bb7 5.e3 h6 6.Bxf6 Qxf6 7.Nc3 g6 8.Bd3 Bg7
9.Be4 Bxe4 10.Nxe4 Qe7 11.O-O O-O 12.Qa4 Nc6 13.Rad1 a6 14.Nc3 Rfb8 15.Qc2
Na5 16.b3 c5 17.dxc5 bxc5 18.Na4 d6 19.Qd2 Nb7 20.e4 Rd8 21.Qe3 Qc7 22.
Rfe1 Na5 23.e5 Bf8 24.exd6 Rxd6 25.Rxd6 Qxd6 26.Nc3 Nc6 27.Rd1 Qe7 28.Na4 
Rd8 29.Rxd8 Qxd8 30.g3 Qd6 31.Qd2 f5 32.Qxd6 Bxd6 33.Ne1 Ne5 34.Kf1 g5 35.
h3 Kf7 36.Ke2 h5 37.Nf3 Nxf3 38.Kxf3 e5 39.Ke3 e4 40.g4 hxg4 41.hxg4 Ke6 
42.Nc3 Bf4+ 43.Ke2 Be5 44.gxf5+ Kxf5 45.Nd5 Bd4 46.b4 1/2-1/2

[Event "6th North Sea Cup"]
[Site "Esbjerg DEN"]
[Date "1981.07.??"]
[Round "5"]
[White "Jansa, Vlastimil"]
[Black "Mestel, Andrew Jonathan"]
[Result "1-0"]
[WhiteElo "2465"]
[BlackElo "2475"]
[EventDate "1981.07.??"]
[PlyCount "83"]

1.Nf3 c5 2.c4 Nf6 3.Nc3 e6 4.e3 d6 5.Be2 Be7 6.O-O Nbd7 7.b3 O-O 8.Bb2 a6 
9.d4 Re8 10.Qc2 b6 11.Rad1 Bb7 12.Ng5 h6 13.Nge4 cxd4 14.Rxd4 Qc7 15.Rfd1 
d5 16.cxd5 exd5 17.Ng3 Ne5 18.Rc1 Rac8 19.Qf5 Qb8 20.Nh5 Rcd8 21.Rcd1 Nc6 
22.Bd3 Nxd4 23.Nxf6+ Kf8 24.Nh7+ Kg8 25.Nf6+ Kf8 26.Nh7+ Kg8 27.exd4 Qd6 
28.Ng5 Bxg5 29.Qh7+ Kf8 30.Qh8+ Ke7 31.Re1+ Kd7 32.Bf5+ Kc7 33.Rxe8 Qf4 
34.Rxd8 Bxd8 35.g4 Bh4 36.Nd1 Qd2 37.Qxg7 Qxd1+ 38.Kg2 Qd2 39.Qe5+ Kc6 40.
Ba3 a5 41.Qe8+ Kc7 42.Bd6+ 1-0

[Event "6th North Sea Cup"]
[Site "Esbjerg DEN"]
[Date "1981.07.??"]
[Round "5"]
[White "Mortensen, Erling"]
[Black "Keene, Raymond Dennis"]
[Result "1/2-1/2"]
[WhiteElo "2395"]
[BlackElo "2475"]
[EventDate "1981.07.??"]
[PlyCount "101"]

1.e4 g6 2.d4 Bg7 3.Nc3 d6 4.Nf3 Nf6 5.Be2 O-O 6.O-O Bg4 7.h3 Bxf3 8.Bxf3 
Nc6 9.Ne2 e5 10.c3 Nd7 11.Be3 Nb6 12.d5 Ne7 13.Qd3 f5 14.c4 Nd7 15.Nc3 Kh8
16.b4 Ng8 17.c5 Bh6 18.c6 bxc6 19.dxc6 Ndf6 20.exf5 gxf5 21.Qxf5 Nd5 22.
Qxf8 Qxf8 23.Nxd5 Qg7 24.Bg4 Nf6 25.Bxh6 Qxh6 26.Nxc7 Rg8 27.Be6 Qg7 28.
Bxg8 Qxc7 29.Bb3 Qxc6 30.Rac1 Qb6 31.b5 Ne4 32.Rc8+ Kg7 33.Rc6 Qxb5 34.
Rc7+ Kh6 35.Rxa7 Nc3 36.Re7 Ne2+ 37.Kh2 Nd4 38.Rc1 Qe2 39.Rcc7 Nf3+ 40.Kg3
Ng5 41.Bc2 Qd2 42.Rc4 Ne4+ 43.Rxe4 Qg5+ 44.Rg4 Qxe7 45.Rh4+ Kg5 46.Rxh7 
Qf8 47.h4+ Kf6 48.Bb3 Kg6 49.Bc2+ Kf6 50.Bb3 Kg6 51.Bc2+ 1/2-1/2